000 01062nas a2200253Ia 4500
001 R142/77666
003 IT-RoPAU
008 151124c99999999xx |||||||||||| ||und||
040 _aIT-RoPAU
040 _cIT-RoPAU
041 _aFRANCESE
100 _aSimon Jean-Paul
_gCodice Aut. SPICS: 1244
210 _aRESEAUX
222 _aReseaux
245 _aRESEAUX, N.040 (MARZO/APRILE 1990)
_bMain Invisible (La): L'Interventionnisme Des Tribunaux Et Des Instances Reglementaires Aux Etats Unis
250 _a1a ed.
260 _aPARIS
_bCNET
_c1990
501 _bPaulus - SPICS - Società San Paolo EM (non-commercial uses only)
_cCopyright2015
300 _a21 p. [71-91]
362 _aN.040 (MARZO/APRILE 1990)
500 _aMano Invisibile: Interventismo dei Tribunali e Delle Istanze di Regolamentazione Negli Stati Uniti. Controlli Incrociati Legislativi ed Esecutivi. Governo Giudiziario. Istanza di Regolamentazione: Agenzie Indipendenti. Equilibrio Delicato tra Utenti e Ind
650 _aCOMUNICAZIONE
_vPUBBLICAZIONE PERIODICA
942 _cCR
999 _c190751
_d190751